| 000 | 00594cam a22002052a 4500 | ||
|---|---|---|---|
| 001 | 004739 | ||
| 003 | AR-FADEU | ||
| 008 | 311216n1993####xxu####################dd | ||
| 020 | _a950-20-0757-9 | ||
| 092 |
_aD341.57 _bB674c |
||
| 100 | _aBoggiano, Antonio | ||
| 245 | _aCurso de derecho internacional privado : derecho de las relaciones privadas internacionales | ||
| 260 | _aBuenos Aires | ||
| 260 | _bAbeledo-Perrot | ||
| 260 | _c1993 | ||
| 300 | _a879 p | ||
| 500 | _aApp: p. 805-879 | ||
| 650 | _aDERECHO COMERCIAL INTERNACIONAL; CONTRATO; DERECHO INTERNACIONAL | ||
| 942 | _cBDGR | ||
| 999 |
_c10561 _d10561 |
||